Identifying Driving Forces and Barriers in Implementation of Industry 4.0: The Case of SME in Slovakia

Saved in:
Bibliographic Details
Main Author: Mészáros, Róbert, 1988-
Other Authors: Szabo, Roland Zs
Format: Book Chapter
Language:English
Subjects:
Tags: Add Tag
No Tags, Be the first to tag this record!

MARC

LEADER 00000naa a2200000 4500
001 0305984
005 20250110104332.4
041 0 |a eng 
044 |a SK 
245 1 0 |a Identifying Driving Forces and Barriers in Implementation of Industry 4.0: The Case of SME in Slovakia  |c Róbert Mészáros, Roland Zs. Szabo 
500 |a Abstrakt 
610 2 0 |a priemysel 4.0 
610 2 0 |a bariéry podnikania 
610 2 0 |a bariéry rastu hospodárskeho 
610 2 0 |a transformácia 
610 2 0 |a transformácia digitálna 
610 2 0 |a implementácia 
100 1 |a Mészáros, Róbert, 1988- 
700 1 |a Szabo, Roland Zs.